000 00496nam a2200181 i 4500
001 146857
003 ES-MaACL
005 20230906201713.0
007 t|
008 070918s1958 sp ||||1| spa d
080 _a860-31"19"
100 1 _aCela Trulock, Jorge (
_d1932-2021)
_9174160
245 1 0 _aBlanquito, peón de brega /
_cJorge C. Trulock.
250 _a[1ª ed.].
260 _aValladolid :
_bGerper,
_c[1958]
300 _a102 p. ;
_c20 cm.
852 _aES-MaACL
_jC-14253
_bR.41746
999 _c146857
_d146857